000 00280nam a2200121Ia 4500
008 190216s9999||||xx |||||||||||||| ||und||
100 _aSurinder Mohan Vashisht
245 0 _aM B D Mathematics
260 _bMbd Pub
_c1989
300 _a580
650 _aMathematics
942 _cREF
999 _c36081
_d36081